000 00775nam a2200229 i 4500
001 bg
100 1 _aRATAJCZYK-PIĄTKOWSKA, Elżbieta
245 1 0 _aOchrona zabytków w okresie gospodarki rynkowej na przykładzie modernizacji Wielkiego Młyna w Gdańsku /
_cElżbieta Ratajczyk-Piątkowska.
260 _aGdańsk :
_bWydaw. Politechniki Gdańskiej,
_c2001.
300 _a140 s. :
_bil. ;
_c29 cm.
500 _aStreszcz ang.
504 _aBibliogr.
650 9 _aArchitektura polska
_xzabytki
_xWielki Młyn
_xochrona i konserwacja
651 9 _aGdańsk
_xbudownictwo
_xzabytki
_xochrona
020 _a8388007823
040 _cBPK
041 0 _apl
_ben
080 _a72.025(438)
920 _a83-88007-82-3
942 _cKS
008 s pl f |000 0 pol
999 _c40661
_d40661
856 _uhttp://koha.tu.koszalin.pl/cgi-bin/koha/opac-detail.pl?biblionumber=40661
_yKatalog online BPK